000 00713cam a2200229 a 4500
001 000001216
005 20200929145517.0
008 790308s1968 sp 000 f spa c
040 _aDO-SdBNP
_cNSbSU
_dDLC
082 _a863.6
_bR763p, 1968
100 1 _aRomero, Emilio.
_d[1917-2003]
_94153
245 1 3 _aLa paz empieza nunca :
_bnovela /.
250 _a13a ed.
260 _aBarcelona :
_bPlaneta,
_c1968.
300 _a411 p. ;
_c20 cm.
490 1 _aAutores españoles contemporáneos
586 _aPremio editorial planeta 1957
650 4 _aNovela española
_91123
650 4 _aLiteratura española
_9632
830 0 _aAutores españoles contemporáneos.
_94154
910 _aCatalogación por copia / LC
999 _c1164
_d1164